| 000 | 00877 a2200229 4500 | ||
|---|---|---|---|
| 999 |
_c4718 _d4718 |
||
| 020 | _a9781869142421 | ||
| 020 | _a186914242X | ||
| 050 | 0 | 0 | _aLC2475.2HEA2013 |
| 100 | 1 | _aHealy-Clancy, Meghan. | |
| 245 | 1 | 2 |
_aA world of their own : _ba history of South African women's education / _cMeghan Healy-Clancy. |
| 264 | 1 |
_aScottsville, South Africa : _bUniversity of KwaZulu-Natal Press, _c2013. |
|
| 300 |
_axiv, 312 pages : _billustrations |
||
| 500 | _ano index | ||
| 504 | _aIncludes bibliographical references (pages 265-293) and index. | ||
| 650 | 0 |
_aWomen _xEducation _xHistory. |
|
| 650 | 0 |
_aBlacks _xEducation. |
|
| 650 | 0 |
_aWomen _xPolitical activity _xHistory. |
|
| 650 | 0 |
_aEducation _xHistory |
|
| 651 | 0 | _aSouth Africa | |
| 942 |
_2lcc _cBK _h2475.2 _iHEA _kLC |
||